Cognition: a multiple view
保存先:
| 第一著者: | |
|---|---|
| フォーマット: | 図書 |
| 言語: | 英語 |
| 出版事項: |
Nueva York
Spartan books
1970
|
| 主題: | |
| タグ: |
タグ追加
タグなし, このレコードへの初めてのタグを付けませんか!
|
MARC
| LEADER | 00000nam a2200000 a 4500 | ||
|---|---|---|---|
| 001 | UCJ2817 | ||
| 003 | CL-VaPUC | ||
| 008 | 070119e19700000US |||||||||||||||||eng|d | ||
| 020 | |a 9876717032 | ||
| 082 | 0 | 4 | |a 153.6 |b GAR |2 21 |
| 100 | |a Garvin, Paul L |e author |9 534555 | ||
| 245 | 1 | 0 | |a Cognition: a multiple view |
| 300 | |a 428 p | ||
| 942 | |c BK | ||
| 945 | |d 20070119 00:00:00 |a jtorresc | ||
| 260 | |a Nueva York |b Spartan books |c 1970 | ||
| 500 | |a Donación de la Dra. Marianne Peronard Thierry | ||
| 650 | 0 | |a Cognición |9 270347 | |
| 650 | 0 | |a Psicología cognitiva |9 306250 | |
| 650 | 0 | |a Psicolingüística |9 283371 | |
| 583 | |a last modification |c 20130102 10:26:05 |k Rodrigo Vera | ||
| 999 | |c 318946 |d 318944 | ||
| 952 | |0 0 |1 0 |4 0 |6 153_600000000000000_GAR_1970 |7 0 |8 A |9 397163 |a FDOPOS |b FDOPOS |d 2019-11-22 |i 4316118 |o 153.6 GAR 1970 |p 4316118 |r 2025-01-22 |w 2019-11-22 |y BK |k MLA | ||